Chaque forme de pays du drapeau de l'OTAN - Statistiques

Statistiques générales
  • Ce quiz a été pris 58 fois
  • Le résultat moyen est 30 sur 32
Statistiques - réponses
Par images Réponse % Correct
Allemagne
100%
Belgique
100%
Canada
100%
Espagne
100%
États-Unis
100%
France
100%
Italie
100%
Portugal
100%
Royaume-Uni
100%
Turquie
98%
Norvège
96%
Pologne
96%
Roumanie
96%
Suède
96%
Albanie
95%
Croatie
95%
Grèce
95%
Finlande
93%
Danemark
91%
Estonie
91%
Hongrie
91%
Islande
91%
République Tchèque
91%
Luxembourg
89%
Macédoine du Nord
89%
Pays-Bas
89%
Bulgarie
88%
Slovaquie
88%
Slovénie
88%
Lettonie
86%
Lituanie
79%
Monténégro
79%
Aucun quiz correspondant
Distribution des résultats
% des personnes avec chaque résultat
Percentile par nombre de réponses
Votre historique - résultats
Vous n’avez pas pris ce quiz